000 00214nam a2200097Ia 4500
008 190216s9999||||xx |||||||||||||| ||und||
100 _aShal A F
245 0 _aParambaryam
260 _bKerala Basha Inst
942 _cBK
999 _c37631
_d37631